000 00679nam a2200169Ia 4500
008 090201s9999 xx 000 0 und d
010 _aKPL-53295
040 _bमराठी
041 _aमराठी
082 _a13479
_b53295
100 _aजे. कृष्णमुर्ती
245 _aअंतरंगातील बहर आणि एक स्वगत संभाषण्
_cजे. कृष्णमुर्ती
260 _c2004
_bचंद्रकला प्रकाशन
300 _a28
_bमोठा
600 _aअंतरंगातील बहर आणि एक स्वगत संभाषण्
942 _cBOOK
999 _c213677
_d213677